<?xml version="1.0" encoding="UTF-8"?>
<record
    xmlns:xsi="http://www.w3.org/2001/XMLSchema-instance"
    xsi:schemaLocation="http://www.loc.gov/MARC21/slim http://www.loc.gov/standards/marcxml/schema/MARC21slim.xsd"
    xmlns="http://www.loc.gov/MARC21/slim">

  <leader>02608nam a2200313 a 4500</leader>
  <controlfield tag="001"> </controlfield>
  <controlfield tag="003">DO-SdBNP</controlfield>
  <controlfield tag="005">20221005111044.0</controlfield>
  <controlfield tag="008">090721s2004    dr  001 0 spa d</controlfield>
  <datafield tag="020" ind1=" " ind2=" ">
    <subfield code="a">9993423688</subfield>
  </datafield>
  <datafield tag="040" ind1=" " ind2=" ">
    <subfield code="a">DO-SdBNP</subfield>
    <subfield code="b">spa</subfield>
    <subfield code="c">BPMSU</subfield>
  </datafield>
  <datafield tag="082" ind1=" " ind2=" ">
    <subfield code="a">301.7293</subfield>
    <subfield code="b">L318d 2004</subfield>
    <subfield code="2">22</subfield>
  </datafield>
  <datafield tag="100" ind1="1" ind2=" ">
    <subfield code="a">Lara, Erasmo</subfield>
  </datafield>
  <datafield tag="245" ind1="1" ind2="0">
    <subfield code="a">Di&#xE1;logo sobre el futuro dominicano /</subfield>
    <subfield code="c">Erasmo Lara en di&#xE1;logo con  Jos&#xE9; Alc&#xE1;ntara Almanzar ... [et al.] ; pr&#xF3;logo Rub&#xE9;n Sili&#xE9;.</subfield>
  </datafield>
  <datafield tag="260" ind1=" " ind2=" ">
    <subfield code="a">Santo Domingo :</subfield>
    <subfield code="b">FLACSO,</subfield>
    <subfield code="c">2004.</subfield>
  </datafield>
  <datafield tag="300" ind1=" " ind2=" ">
    <subfield code="a">290 p. ;</subfield>
    <subfield code="a">23 cm.</subfield>
  </datafield>
  <datafield tag="504" ind1=" " ind2=" ">
    <subfield code="a">Bibliograf&#xED;a: p.273-280.</subfield>
  </datafield>
  <datafield tag="505" ind1="0" ind2=" ">
    <subfield code="a">Pr&#xF3;logo 11 -- Introducci&#xF3;n 13 -- Cultura y desarrollo en la formaci&#xF3;n de lo dominicano 25 -- &#xBF;Es determinante la cultura para el progreso social, econ&#xF3;mico y pol&#xED;tico? 28 -- Variabilidad cultural. &#xBF;Qu&#xE9; utilizamos para definir una cultura? 31 -- Significado del tiempo 45 -- La comunicaci&#xF3;n social 47 -- Los procesos de socializaci&#xF3;n y los valores 49 -- Globalizaci&#xF3;n y nosotros. &#xBF;C&#xF3;mo nos aproximamos a la misma? 56 -- Lo multicultural en nosotros 62 -- La homosexualidad como expresi&#xF3;n de lo multicultural 65 -- &#xBF;Discriminaci&#xF3;n racial entre nosotros? 67 -- &#xBF;El individuo o la colectividad? 71 -- Democracia : &#xBF;Podemos o no podemos? 74 -- Juventud divino tesoro 79 -- La familia y la mujer 88 -- Educaci&#xF3;n y progreso 91 -- Sistema judicial justo y eficiente. &#xBF;Por qu&#xE9; es necesario? 98 -- Medios de comunicaci&#xF3;n, &#xBF;en qu&#xE9; contribuyen? 102 -- Las iglesias : &#xBF;ecum&#xE9;nicas o separadas? 105 -- El trabajo : &#xBF;castigo o don divino? 109 -- La violencia estructural 114 -- Calidad de vida y sociedad 120 -- M&#xE9;todos alternativos de resoluci&#xF3;n de conflictos: &#xBF;si existen, por qu&#xE9; usar la violencia? 124 -- Jos&#xE9; Alc&#xE1;ntara Alm&#xE1;nzar 137 -- Ramonina Brea 149 -- Roberto Cass&#xE1; 159 -- Jorge Cela 169 -- Orlando Haza 179 -- Tel&#xE9;sforo Isaac 187 -- Antonio Lluberes 195 -- Andr&#xE9;s L. Mateo 207 -- Frank Moya Pons 219 -- Mu-Kien Sang Ben 229 -- Zoraida Vda. Suncar 237 -- Marcio Veloz Maggiolo 245 -- Josefina Zaiter 259 -- Bibliograf&#xED;a 273 -- El autor y sus invitados 281 -- Colof&#xF3;n 283.</subfield>
  </datafield>
  <datafield tag="590" ind1=" " ind2=" ">
    <subfield code="a">Inventariado, 2022/VM</subfield>
  </datafield>
  <datafield tag="650" ind1=" " ind2="4">
    <subfield code="a">Potencial de crecimiento</subfield>
    <subfield code="z">Rep&#xFA;blica Dominicana</subfield>
  </datafield>
  <datafield tag="650" ind1=" " ind2="4">
    <subfield code="a">Desarrollo econ&#xF3;mico y social</subfield>
    <subfield code="x">Entrevistas</subfield>
  </datafield>
  <datafield tag="650" ind1=" " ind2="4">
    <subfield code="a">Identidad cultural</subfield>
    <subfield code="z">Rep&#xFA;blica Dominicana</subfield>
    <subfield code="x">Entrevistas</subfield>
  </datafield>
  <datafield tag="651" ind1=" " ind2="4">
    <subfield code="a">Rep&#xFA;blica Dominicana</subfield>
    <subfield code="x">Condiciones sociales</subfield>
  </datafield>
  <datafield tag="651" ind1=" " ind2="4">
    <subfield code="a">Rep&#xFA;blica Dominicana</subfield>
    <subfield code="x">Nacionalismo Y Cultura</subfield>
    <subfield code="x">Entrevistas</subfield>
  </datafield>
  <datafield tag="700" ind1=" " ind2=" ">
    <subfield code="a">Sili&#xE9;, Rub&#xE9;n</subfield>
    <subfield code="d">1946-</subfield>
    <subfield code="e">pr&#xF3;l.</subfield>
  </datafield>
  <datafield tag="710" ind1="2" ind2=" ">
    <subfield code="a">FLACSO(Rep&#xFA;blica Dominicana)</subfield>
  </datafield>
  <datafield tag="910" ind1=" " ind2=" ">
    <subfield code="a">VMateo V./Validado.</subfield>
  </datafield>
  <datafield tag="942" ind1=" " ind2=" ">
    <subfield code="2">ddc</subfield>
    <subfield code="c">BK</subfield>
  </datafield>
  <datafield tag="952" ind1=" " ind2=" ">
    <subfield code="0">0</subfield>
    <subfield code="1">0</subfield>
    <subfield code="2">ddc</subfield>
    <subfield code="4">0</subfield>
    <subfield code="7">0</subfield>
    <subfield code="8">CD</subfield>
    <subfield code="a">BPMET</subfield>
    <subfield code="b">BPMET</subfield>
    <subfield code="d">2022-10-05</subfield>
    <subfield code="l">0</subfield>
    <subfield code="o">BPMSU CD 301.7293 L318d 2004</subfield>
    <subfield code="p">BPMSU22100015</subfield>
    <subfield code="r">2022-10-05</subfield>
    <subfield code="w">2022-10-05</subfield>
    <subfield code="y">BK</subfield>
  </datafield>
  <datafield tag="952" ind1=" " ind2=" ">
    <subfield code="0">0</subfield>
    <subfield code="1">0</subfield>
    <subfield code="2">ddc</subfield>
    <subfield code="4">0</subfield>
    <subfield code="7">0</subfield>
    <subfield code="8">CD</subfield>
    <subfield code="a">BPMET</subfield>
    <subfield code="b">BPMET</subfield>
    <subfield code="d">2022-10-05</subfield>
    <subfield code="l">0</subfield>
    <subfield code="o">BPMSU CD 301.7293 L318d 2004</subfield>
    <subfield code="p">BPMSU22100016</subfield>
    <subfield code="r">2022-10-05</subfield>
    <subfield code="t">e.2</subfield>
    <subfield code="w">2022-10-05</subfield>
    <subfield code="y">BK</subfield>
  </datafield>
  <datafield tag="952" ind1=" " ind2=" ">
    <subfield code="0">0</subfield>
    <subfield code="1">0</subfield>
    <subfield code="2">ddc</subfield>
    <subfield code="4">0</subfield>
    <subfield code="7">0</subfield>
    <subfield code="8">CD</subfield>
    <subfield code="a">BPMET</subfield>
    <subfield code="b">BPMET</subfield>
    <subfield code="d">2022-10-05</subfield>
    <subfield code="l">0</subfield>
    <subfield code="o">BPMSU CD 301.7293 L318d 2004</subfield>
    <subfield code="p">BPMSU22100017</subfield>
    <subfield code="r">2022-10-05</subfield>
    <subfield code="t">e.3</subfield>
    <subfield code="w">2022-10-05</subfield>
    <subfield code="y">BK</subfield>
  </datafield>
  <datafield tag="999" ind1=" " ind2=" ">
    <subfield code="c">14295</subfield>
    <subfield code="d">14295</subfield>
  </datafield>
</record>
